| 000 | 005950000a22001810004500 | ||
|---|---|---|---|
| 003 | MACL | ||
| 005 | 20160514133815.0 | ||
| 008 | 160514b xxu||||| |||| 00| 0 eng d | ||
| 040 |
_aMACL _cMACL |
||
| 041 | _aHindi | ||
| 082 | _a891.433 | ||
| 100 |
_aकपूर,मस्तराम _957065 |
||
| 245 |
_aग्यारह तुर्की कहानियां _cमस्तराम कपुर |
||
| 260 |
_bसाहित्य अकादेमी _c1991 _aदिल्ली |
||
| 350 | _a30 | ||
| 650 |
_aStories _957066 |
||
| 942 |
_cHIN _k891.433/ALP/S _2ddc |
||
| 999 |
_c19746 _d19746 |
||